La televisión en tiempos de guerra: la onda expansiva de los atentados del 11-S

Saved in:
Bibliografiske detaljer
Hovedforfatter: Lobatón, Paco (autor)
Format: Bog
Sprog:spansk
Udgivet: Barcelona Gedisa 2002
Udgivelse:1a. ed
Fag:
Tags: Tilføj Tag
Ingen Tags, Vær først til at tagge denne postø!

MARC

LEADER 00000cam a2200000 a 4500
001 UCK4484
003 CL-VaPUC
008 050610e20020000SP |||||||||||||||||spa|d
020 |a 8474329825 
082 0 4 |a 302.2345  |b LOB  |2 21 
100 |a Lobatón, Paco  |e autor  |9 492980 
245 1 3 |a La televisión en tiempos de guerra: la onda expansiva de los atentados del 11-S 
250 |a 1a. ed 
300 |a 220 p 
942 |c BK 
945 |d 20050610 00:00:00  |a cmena 
260 |a Barcelona  |b Gedisa  |c 2002 
600 0 7 |a WORLD TRADE CENTER  |2 CL-VaPUC  |9 471440 
650 0 |a Televisión  |9 256845 
650 0 |a Medios de comunicación de masas  |9 257273 
650 0 |a Gestión de la información   |9 362327 
650 0 |a Programas de televisión  |9 335092 
650 0 |a Terrorismo   |9 255070 
650 0 |a Psicología social   |9 222894 
650 7 |a SOCIOLOGIA DEL PERIODISMO  |2 CL-VaPUC  |9 462333 
650 0 |a Etica profesional   |9 255694 
583 |a last modification  |c 20181031 03:36:44  |k Rodrigo Vera 
999 |c 313317  |d 313315 
952 |0 0  |1 0  |4 0  |6 302_234500000000000_LOB_2002  |7 0  |8 A  |9 384586  |a BIBCUR  |b BIBCUR  |d 2019-11-22  |i 4136349  |o 302.2345 LOB 2002  |p 4136349  |r 2025-04-22  |w 2019-11-22  |y BK  |k MGC 
952 |0 0  |1 0  |3 erb  |4 0  |6 302_234500000000000_LOB_2002  |7 0  |8 A  |9 384587  |a BIBCUR  |b BIBCUR  |i 5511445  |o 302.2345 LOB 2002  |p 5511445  |r 2025-04-22  |w 2019-11-22  |y BK  |z Catalogado en:20181031  |k PER